000 00561nam a2200217Ia 4500
003 OSt
005 20220923211635.0
006 a|||||r|||| 00| 0
007 ta
008 220922b |||||||| |||| 00| 0 rus d
024 _a38,360
037 _cTextual
040 _aARTS
_cARTS
_brus
041 _2rus
_arus
082 _aO142,3N05:g, 153K8
245 0 _aਮਿਖਾਇਲ Fੋਲੋ॥ੋਵ
260 _c1968
650 _aਰਾFੀਅਨ ਸਾਹਿਤ
942 _hO142,3N05:g, 153K8
_cTEXL
_2CC
999 _c301921
_d301921